Tutankhamen and the discovery of his tomb by the late Earl of Carnarvon and Mr. Howard Carter / (Record no. 144927)
[ view plain ]
| 000 -LEADER | |
|---|---|
| campo de control de longitud fija | 00649nam a2200181 i 4500 |
| 001 - NÚMERO DE CONTROL | |
| campo de control | 144927 |
| 003 - IDENTIFICADOR DE NÚMERO DE CONTROL | |
| campo de control | ES-MaACL |
| 005 - FECHA Y HORA DE LA ÚLTIMA TRANSACCIÓN | |
| campo de control | 20230906201129.0 |
| 007 - CAMPO FIJO DE DESCRIPCIÓN FÍSICA--INFORMACIÓN GENERAL | |
| campo de control de longitud fija | t| |
| 008 - DATOS DE LONGITUD FIJA--INFORMACIÓN GENERAL | |
| campo de control de longitud fija | 070214s1923 xxkf |||| | eng d |
| 100 1# - ENTRADA PRINCIPAL--NOMBRE DE PERSONA | |
| Nombre de persona | Smith, G. Elliot. |
| 9 (RLIN) | 106871 |
| 245 10 - MENCIÓN DEL TÍTULO | |
| Título | Tutankhamen and the discovery of his tomb by the late Earl of Carnarvon and Mr. Howard Carter / |
| Mención de responsabilidad, etc. | by G. Elliot Smith. |
| 260 ## - PUBLICACIÓN, DISTRIBUCIÓN, ETC. | |
| Lugar de publicación, distribución, etc. | London : |
| Nombre del editor, distribuidor, etc. | [s.n.], |
| Fecha de publicación, distribución, etc. | 1923 ( |
| Lugar de fabricación/manufactura | Edinburgh : |
| Fabricante | The Edinburgh Press) |
| 300 ## - DESCRIPCIÓN FÍSICA | |
| Extensión | 133 p., 1 lám. ; |
| Dimensiones | 19 x 13 cm. |
| 600 04 - PUNTO DE ACCESO ADICIONAL DE MATERIA--NOMBRE DE PERSONA | |
| Nombre de persona | Tutankhamon |
| Títulos y otros términos asociados al nombre | Rey de Egipto. |
| 9 (RLIN) | 111780 |
| 600 04 - PUNTO DE ACCESO ADICIONAL DE MATERIA--NOMBRE DE PERSONA | |
| Nombre de persona | Tutankhamon |
| Títulos y otros términos asociados al nombre | Rey de Egipto- |
| Subdivisión general | Sepulcro. |
| 9 (RLIN) | 163303 |
| 852 ## - LOCALIZACIÓN | |
| Ubicación | ES-MaACL |
| Número de control de estantería | F-12557 |
| Estatus retirado | Estado de pérdida | Estado de daño | No para préstamo | Biblioteca de origen | Biblioteca actual | Ubicación en estantería | Fecha de adquisición | Fuente de adquisición | Total de préstamos | Signatura topográfica completa | Código de barras | Visto por última vez | Precio de reemplazo | Tipo de ítem Koha |
|---|---|---|---|---|---|---|---|---|---|---|---|---|---|---|
| Biblioteca del Ateneo de Madrid | Biblioteca del Ateneo de Madrid | Sala Pecera Planta 2 | 17/01/2008 | F-12557 | 1151223 | 23/02/2023 | 23/02/2023 | Libro impreso |
